| 000 | 01871cam a22005054i 4500 | ||
|---|---|---|---|
| 003 | PE-LiUPU | ||
| 005 | 20250731173421.0 | ||
| 008 | 150707s1987 sp r 000 d spa | ||
| 020 | _a8482672789 | ||
| 035 | _a(Sirsi) i9788482672786 | ||
| 035 | _a(Sirsi) 47303 | ||
| 035 | _a(Sirsi) 47303 | ||
| 040 |
_aPE-LiUPU _bspa _cPE-LiUPU _erda |
||
| 049 | _aPRUA | ||
| 082 | 0 | 4 |
_a221.92 _bD18 |
| 100 | 1 |
_aDay, David, _eautor. |
|
| 245 |
_aJeremías : _bportavoz de Dios en tiempos de crisis / _cDavid Day. |
||
| 264 | 1 |
_aTerrassa, Barcelona : _bCLIE, _c1987 |
|
| 300 |
_a123 páginas ; _c20 centímetros. |
||
| 336 |
_atext _2rdacontent |
||
| 337 |
_aunmediated _2rdamedia |
||
| 338 |
_avolume _2rdacarrier |
||
| 490 | 0 | _aBiografías bíblicas | |
| 505 | 0 | _aLa tierra tiembla, los cimientos de los montes se conmueven -- El fuego consumidor -- Un martillo que quebranta la piedra -- La gran mentira -- Más poderoso que el cortaplumas -- Un arroyo seco -- Portavoz de visiones -- Diecisiete siclos de plata. | |
| 526 | _aSEG42 | ||
| 526 | _aSEG41 | ||
| 526 | _aSEG40 | ||
| 526 | _aSEG39 | ||
| 526 | _aP94 | ||
| 526 | _aP87 | ||
| 526 | _aP86 | ||
| 526 | _aP85 | ||
| 526 | _aP77 | ||
| 526 | _aP76 | ||
| 526 | _aP35 | ||
| 600 |
_aJeremías (Profeta bíblico) _vBiografía |
||
| 700 | 1 |
_aFlores Sanz, Elena _etraductor. |
|
| 942 |
_2ddc _cBOOK |
||
| 949 |
_a221.92 D18 _i64953 _lCCODEBUL1 _mBUL _tLIBRO _o.STAFF. Colección General |
||
| 859 |
_q64953 _h221.92 _iD18 |
||
| 910 |
_agl _bjv _clch _d20120626 |
||
| 596 | _a1 | ||
| 999 |
_a221.92 D18 _wDEWEY _c53662 _i64953 _d53662 _e2015-10-2 _f2021-11-9 _g5 _lCCODEBUL1 _mBUL _n1 _p13.00 _q2 _r0 _sY _tBOOK _u2015-7-6 _xTEOLOGIA _PP35 _0COMPRA _o.STAFF. Colección Teología |
||
| 980 |
_81 _gALBERTO SANCHEZ Responsable de Automatización |
||